000 00404nam a22001697a 4500
003 MPLRDC
005 20220104124649.0
008 210129b ||||| |||| 00| 0 eng d
082 _a782 JT
100 _a金涛
245 _a中国旅行家的故事
_c
250 _a一版一刷
260 _a
_b中国少年儿童出版社
_c1980
300 _b
650 _a中国传记
942 _cBK
_o782 JT
999 _c21150
_d21140